Top 10 Città più popolose Provincia di Teramo - Statistics

Statistiche generali
  • Questo quiz è stato fatto 23 volte
  • Il punteggio medio è 7 su 10
Statistiche sulle risposte
Popolazione (ab.) Città % Corretto
54 343 Teramo
100%
23 737 Giulianova
88%
16 020 Martinsicuro
76%
25 679 Roseto degli Abruzzi
76%
15 764 Silvi
76%
12 549 Alba Adriatica
71%
14 953 Pineto
71%
11 954 Tortoreto
59%
10 585 Atri
41%
9 844 Sant'Egidio alla Vibrata
18%
Nessun quiz corrispondente trovato
Distribuzione punteggi
Percentuale di utenti per punteggio
Percentile per numero di risposta
I tuoi punteggi nel tempo
Non hai fatto questo quiz